Simmel and the image of individuality /
Đã lưu trong:
| Tác giả chính: | |
|---|---|
| Định dạng: | Texto |
| Các nhãn: |
Thêm thẻ
Không có thẻ, Là người đầu tiên thẻ bản ghi này!
|
MARC
| LEADER | 00000 a a2200000 04500 | ||
|---|---|---|---|
| 001 | 48521 | ||
| 003 | |||
| 040 | |||
| 100 | |a Watier, Patrick | ||
| 245 | |a Simmel and the image of individuality / |c Patrick Watier | ||
| 773 | |g volumen 41, número 2, (1993), páginas 69-75 | ||
| 999 | |c 30574 |d 30574 | ||
